期刊信息 |
| 索取号 |
D9/FL
|
| 题名 |
法律(复印报刊专题资料)
|
| 作者 |
中国人民大学书报资料社
|
| 分册号 |
|
| 分册名 |
|
| 出版地 |
北京
|
| 出版者 |
中国人民大学书报资料社
|
| 标准刊号 |
|
| 出版频率 |
月刊
|
| 中图法分类 |
D9
|
| 主题词 |
法律
|
| 电子资源 | |
| |
|
| 000 | 00585nas0 2200181 45 | |
| 001 | 0739800327 | |
| 005 | 20070418110436.09 | |
| 100 | @a20070418d km y0chiy0120 ea | |
| 101 | 0 | @achi |
| 102 | @aCN@b110000 | |
| 200 | 1 | @a法律(复印报刊专题资料)@AFa Lu(Fu Yin Bao Kan Zhuan Ti Zi Liao)@f中国人民大学书报资料社@FZhong Guo Ren Min Da Xue Shu Bao Zi Liao She |
| 210 | @a北京@c中国人民大学书报资料社 | |
| 326 | @a月刊 | |
| 606 | 0 | @a法律 |
| 690 | @aD9@v4 | |
| 711 | 02 | @a中国人民大学书报资料社@AZhong Guo Ren Min Da Xue Shu Bao Zi Liao She |
| 801 | 0 | @aCN@bPFT@c20070418 |
| 905 | @aTJWY@dD9@eFL | |
| 法律(复印报刊专题资料)/中国人民大学书报资料社.-北京:中国人民大学书报资料社 |
| ● |
| 相关链接: |
|
|
|
|